000 00303nam a2200121Ia 4500
008 191201s1996 xx 000 0 und d
100 _aSINGH,L.P.
245 0 _aAdvanced Power System Analysis and Dynamics
260 _aN. delhi
_bNew Age
_c1996
300 _a483
650 _aB.Tech(ECE)
942 _2ddc
_cBK
999 _c405
_d405